[Event "XXVII C.to Italiano a squadre A2"]
[Site "ITA"]
[Date "1995.??.??"]
[Round "?"]
[White "Salvetti, Alec"]
[Black "Facchetti, Gianni"]
[Result "1-0"]
[WhiteElo "2295"]
[BlackElo "2202"]
[PlyCount "95"]
[EventDate "1995.??.??"]

1. d4 Nf6 2. c4 d6 3. Nf3 Nbd7 4. Nc3 e5 5. Bg5 Be7 6. e3 c6 7. Be2 Qc7 8. O-O
Nf8 9. c5 Ng6 10. cxd6 Bxd6 11. Rc1 Qe7 12. Ne4 exd4 13. Qxd4 Qxe4 14. Qxd6 Qe7
15. Rxc6 Qxd6 16. Rxd6 Ke7 17. Rfd1 Be6 18. e4 h6 19. Bxf6+ gxf6 20. g3 Rhc8
21. Ne1 Rc7 22. b3 f5 23. exf5 Bxf5 24. h4 Be6 25. f4 Rg8 26. Kf2 Rd7 27. Rxd7+
Bxd7 28. Bc4 Bc6 29. Nf3 Rc8 30. h5 Nf8 31. Re1+ Kf6 32. Ne5 Rc7 33. g4 b5 34.
Bxf7 Bd7 35. Bd5 b4 36. Bc4 Be6 37. Re4 a5 38. Ke3 Bxc4 39. Rxc4 Ra7 40. Ke4
Kg7 41. g5 Re7 42. Kf5 Nh7 43. Rc6 hxg5 44. h6+ Kg8 45. Rc8+ Nf8 46. Rxf8+ Kh7
47. fxg5 a4 48. Nf7 1-0

[Event "XXVII C.to Italiano a squadre A2"]
[Site "ITA"]
[Date "1995.??.??"]
[Round "?"]
[White "Santolini, Luigi"]
[Black "De Eccher, Stefano"]
[Result "1-0"]
[WhiteElo "2240"]
[BlackElo "2280"]
[PlyCount "93"]
[EventDate "1995.??.??"]

1. d4 f5 2. Nf3 Nf6 3. g3 g6 4. Bg2 Bg7 5. c4 O-O 6. O-O d6 7. d5 Qe8 8. Nc3 a5
9. Nd4 Na6 10. b3 Bd7 11. Bb2 c6 12. Qd2 Nc7 13. Rfe1 Rb8 14. f4 c5 15. Nf3 b5
16. cxb5 Nxb5 17. Ng5 Qc8 18. Nxb5 Rxb5 19. e4 fxe4 20. Nxe4 Nxe4 21. Rxe4 Bf6
22. Rae1 Rf7 23. Bxf6 exf6 24. Bf1 Rb4 25. Bc4 a4 26. R1e2 axb3 27. axb3 Qf8
28. Qe1 Rb8 29. Kf2 Qg7 30. Qa5 Bg4 31. Re8+ Rxe8 32. Rxe8+ Rf8 33. Re3 g5 34.
Qe1 gxf4 35. Re7 fxg3+ 36. hxg3 Qh6 37. Kg1 f5 38. Qe6+ Qxe6 39. dxe6 Ra8 40.
Rd7 Ra1+ 41. Kf2 Kf8 42. Rf7+ Kg8 43. e7 Ra2+ 44. Ke3 Re2+ 45. Kf4 Bh5 46. Rf8+
Kg7 47. Bxe2 1-0

[Event "XXVII C.to Italiano a squadre A2"]
[Site "ITA"]
[Date "1995.??.??"]
[Round "?"]
[White "Sarno, Spartaco"]
[Black "Bresciani, Nicola"]
[Result "1/2-1/2"]
[WhiteElo "2410"]
[BlackElo "2315"]
[PlyCount "118"]
[EventDate "1995.??.??"]

1. c4 Nf6 2. Nc3 e6 3. e4 c5 4. e5 Ng8 5. Nf3 Nc6 6. d4 cxd4 7. Nxd4 Nxe5 8.
Ndb5 a6 9. Nd6+ Bxd6 10. Qxd6 f6 11. Be3 Ne7 12. Bb6 Nf5 13. Qc5 Qe7 14. O-O-O
Qxc5 15. Bxc5 d6 16. Bxd6 Nxd6 17. Rxd6 Ke7 18. Rd2 Bd7 19. f4 Ng6 20. g3 Bc6
21. Rg1 Rad8 22. Bd3 Rd4 23. Rgd1 Rhd8 24. Be4 Rxd2 25. Rxd2 Rxd2 26. Kxd2 Kd6
27. Kd3 f5 28. Bxc6 bxc6 29. b4 e5 30. Ne2 h6 31. a4 exf4 32. gxf4 Nh4 33. c5+
Kd5 34. Nc3+ Ke6 35. Kc4 g5 36. Ne2 Nf3 37. b5 axb5+ 38. axb5 cxb5+ 39. Kxb5
gxf4 40. Kb6 Nd2 41. Nxf4+ Ke5 42. c6 Nc4+ 43. Kc5 Nd6 44. Nd3+ Ke6 45. Kb6 Ne8
46. Kb7 Kd6 47. h4 Nc7 48. Nf4 Ne8 49. Ng6 Nc7 50. Ne5 Ne6 51. Nf7+ Ke7 52.
Nxh6 Kf6 53. Kc8 Kg6 54. Kd7 Nc5+ 55. Kd6 Na6 56. Ng8 f4 57. Ne7+ Kh5 58. Ke5
f3 59. Nf5 f2 1/2-1/2

[Event "XXVII C.to Italiano a squadre A2"]
[Site "ITA"]
[Date "1995.??.??"]
[Round "?"]
[White "Sax, Gyula"]
[Black "Colombo, Paolo"]
[Result "1-0"]
[WhiteElo "2535"]
[BlackElo "2195"]
[PlyCount "45"]
[EventDate "1995.??.??"]

1. e4 c6 2. d4 d5 3. e5 g6 4. c4 Bg7 5. Nc3 e6 6. Nf3 Ne7 7. Be2 Nd7 8. O-O O-O
9. Bf4 h6 10. h4 dxc4 11. Bxc4 b6 12. Ne4 Nf5 13. h5 g5 14. Nfxg5 hxg5 15. Bxg5
Qc7 16. Qg4 Kh7 17. h6 Bh8 18. Qh5 Nxe5 19. Bf4 Rg8 20. dxe5 Rg6 21. Ng5+ Rxg5
22. Qxg5 Bb7 23. Bd3 1-0

[Event "XXVII C.to Italiano a squadre A2"]
[Site "ITA"]
[Date "1995.??.??"]
[Round "?"]
[White "Sax, Gyula"]
[Black "Djuric, Stefan"]
[Result "1/2-1/2"]
[WhiteElo "2535"]
[BlackElo "2460"]
[PlyCount "57"]
[EventDate "1995.??.??"]

1. e4 e5 2. Nf3 Nc6 3. d4 exd4 4. Nxd4 Bb4+ 5. c3 Be7 6. Nf5 Bf6 7. Ne3 Bg5 8.
g3 Bxe3 9. Bxe3 Nf6 10. Bg2 O-O 11. c4 d6 12. O-O Be6 13. b3 Qd7 14. Bg5 Ne8
15. Re1 Bg4 16. f3 Bh3 17. Nc3 Bxg2 18. Kxg2 h6 19. Bc1 Rd8 20. Nd5 Ne5 21. Bb2
c6 22. Ne3 b6 23. f4 Ng6 24. Qh5 Ne7 25. Rad1 f5 26. e5 Qe6 27. Re2 Kh7 28.
Red2 c5 29. Qf3 1/2-1/2

[Event "XXVII C.to Italiano a squadre A2"]
[Site "ITA"]
[Date "1995.??.??"]
[Round "?"]
[White "Scerbo, Antonio"]
[Black "Bottini, Paolo"]
[Result "1/2-1/2"]
[WhiteElo "1989"]
[BlackElo "1926"]
[PlyCount "37"]
[EventDate "1995.??.??"]

1. d4 d5 2. c4 e6 3. Nc3 Be7 4. Nf3 Nf6 5. Bg5 h6 6. Bh4 O-O 7. e3 b6 8. Rc1
Bb7 9. Bxf6 Bxf6 10. cxd5 exd5 11. b4 Re8 12. Be2 c5 13. bxc5 bxc5 14. dxc5 Qa5
15. Qd2 Na6 16. Ne4 Qxd2+ 17. Nexd2 Rac8 18. Nb3 Be7 19. c6 1/2-1/2

[Event "XXVII C.to Italiano a squadre A2"]
[Site "ITA"]
[Date "1995.??.??"]
[Round "?"]
[White "Scerbo, Antonio"]
[Black "Ciampi, Vincenzo"]
[Result "0-1"]
[WhiteElo "1989"]
[BlackElo "2170"]
[PlyCount "70"]
[EventDate "1995.??.??"]

1. d4 Nf6 2. c4 c6 3. Nc3 d5 4. Nf3 e6 5. Bg5 dxc4 6. a4 Nbd7 7. e3 Qa5 8. Bxf6
Nxf6 9. Bxc4 Bb4 10. Qb3 Nd5 11. Rc1 O-O 12. O-O Bxc3 13. bxc3 Nb6 14. Ra1 c5
15. Ne5 Nxc4 16. Nxc4 Qc7 17. Rfb1 Rb8 18. a5 Rd8 19. Rd1 Bd7 20. e4 Bc6 21. f3
Qe7 22. Rd2 cxd4 23. cxd4 Qg5 24. Rad1 Rbc8 25. Ne5 Be8 26. g3 Rc7 27. f4 Qe7
28. d5 Qc5+ 29. Kg2 Qxa5 30. d6 Rc3 31. Qxb7 f6 32. d7 Bh5 33. Nc6 Bf3+ 34. Kf1
Qh5 35. Qc8 Qb5+ 0-1

[Event "XXVII C.to Italiano a squadre A2"]
[Site "ITA"]
[Date "1995.??.??"]
[Round "?"]
[White "Silvetti, Antonio"]
[Black "De Gregorio, Massimiliano"]
[Result "0-1"]
[WhiteElo "1791"]
[BlackElo "2140"]
[PlyCount "54"]
[EventDate "1995.??.??"]

1. e4 e5 2. Nf3 Nc6 3. d4 exd4 4. Bc4 Nf6 5. O-O d6 6. Nxd4 Be7 7. Nc3 O-O 8.
f4 Bd7 9. Nf3 Be6 10. Bxe6 fxe6 11. Ng5 Qd7 12. e5 Ne8 13. Qg4 Bxg5 14. Qxg5
dxe5 15. Be3 exf4 16. Bc5 Rf5 17. Rxf4 h6 18. Rxf5 hxg5 19. Rf8+ Kh7 20. Raf1
Ne5 21. h4 Rc8 22. hxg5 Nd6 23. R8f4 Ng6 24. R4f3 Qc6 25. Bf2 Rf8 26. Rh3+ Kg8
27. Be3 Nf5 0-1

[Event "XXVII C.to Italiano a squadre A2"]
[Site "ITA"]
[Date "1995.??.??"]
[Round "?"]
[White "Spinelli, Doriano"]
[Black "Faraoni, Enrico"]
[Result "0-1"]
[WhiteElo "2155"]
[BlackElo "2130"]
[PlyCount "140"]
[EventDate "1995.??.??"]

1. e4 d6 2. d3 g6 3. Nf3 Bg7 4. Be2 c5 5. Nbd2 Nc6 6. a4 Nf6 7. O-O O-O 8. Re1
a6 9. Nc4 Rb8 10. a5 Nd7 11. Nfd2 Nd4 12. c3 Nxe2+ 13. Qxe2 Qc7 14. Nf1 b5 15.
axb6 Nxb6 16. Nxb6 Qxb6 17. Ne3 Re8 18. Nd5 Qb7 19. Bg5 Be6 20. Bc1 Bc8 21. Qf3
Be6 22. Nf4 Bb3 23. h4 e5 24. Ne2 Be6 25. Ng3 Qe7 26. Bg5 f6 27. Bc1 Bc8 28. h5
Rf8 29. h6 Bh8 30. Nf5 gxf5 31. exf5 Rf7 32. Ra4 Kf8 33. Rg4 Qb7 34. Qg3 Bxf5
35. Rg8+ Ke7 36. d4 Rxg8 37. Qxg8 Qc8 38. Qg3 Bg6 39. Qh4 Kf8 40. dxc5 dxc5 41.
Qc4 Rd7 42. Be3 Bf7 43. Bxc5+ Ke8 44. Qb4 Qb7 45. Qa3 f5 46. b4 e4 47. Qc1 Qd5
48. Qf4 Be5 49. Qg5 Qd2 50. Qxd2 Rxd2 51. Rc1 Bc4 52. b5 axb5 53. Ra1 Ra2 54.
Rc1 Kf7 55. g3 Kg6 56. Be3 Kh5 57. Kg2 Ra3 58. Bd2 Bd3 59. Rh1+ Kg6 60. Rc1 Kf6
61. Kh3 Ke6 62. Kh4 Bf6+ 63. Kh3 Kd5 64. g4 fxg4+ 65. Kxg4 Kc4 66. Kf4 Bxc3 67.
Ke3 b4 68. Be1 Ra8 69. f4 exf3 70. Kxf3 Rf8+ 0-1

[Event "XXVII C.to Italiano a squadre A2"]
[Site "ITA"]
[Date "1995.??.??"]
[Round "?"]
[White "Spinelli, Doriano"]
[Black "Marcoli, Paolo"]
[Result "1-0"]
[WhiteElo "2155"]
[BlackElo "1900"]
[PlyCount "57"]
[EventDate "1995.??.??"]

1. e4 c5 2. d4 cxd4 3. c3 d3 4. Bxd3 e6 5. Nf3 d6 6. O-O Nf6 7. Qe2 Nbd7 8. Rd1
Qc7 9. Bf4 a6 10. Na3 Be7 11. Nc4 e5 12. Bg5 Nc5 13. Bxf6 gxf6 14. Ne3 Be6 15.
Nh4 O-O-O 16. Bc2 h5 17. Nhf5 h4 18. b4 Bxf5 19. exf5 Ne6 20. fxe6 fxe6 21. Bf5
exf5 22. Nd5 Qb8 23. Nxe7+ Kd7 24. Nxf5 Ke6 25. Qg4 Kf7 26. Qg7+ Ke6 27. Nd4+
exd4 28. Rxd4 Rh5 29. Qg4+ 1-0

[Event "XXVII C.to Italiano a squadre A2"]
[Site "ITA"]
[Date "1995.??.??"]
[Round "?"]
[White "Spinelli, Doriano"]
[Black "Rigamonti, Stefano"]
[Result "1-0"]
[WhiteElo "2155"]
[BlackElo "1785"]
[PlyCount "111"]
[EventDate "1995.??.??"]

1. e4 e5 2. Nf3 Nc6 3. d4 exd4 4. Nxd4 Bc5 5. Nb3 Bb6 6. a4 Qf6 7. Qd2 a5 8.
Bb5 Nge7 9. Nc3 Ne5 10. O-O O-O 11. Qf4 Qxf4 12. Bxf4 d6 13. Rae1 Be6 14. Be3
Bxe3 15. Rxe3 Nc4 16. Bxc4 Bxc4 17. Rd1 Bxb3 18. cxb3 Rfd8 19. Nb5 Rac8 20. Rc3
Nc6 21. f3 Kf8 22. Kf2 Ke7 23. f4 Ke6 24. Rd5 f6 25. h4 Kd7 26. Rd1 Re8 27. Kf3
h5 28. Rc4 Re7 29. Nc3 Nb4 30. Rc5 g6 31. Rxa5 b6 32. Rb5 Nc6 33. Nd5 Rf7 34.
Kf2 Re8 35. Nc3 Na5 36. Rc1 Rb8 37. Nd5 Nc6 38. a5 bxa5 39. Rxb8 Nxb8 40. Rxc7+
Ke6 41. f5+ gxf5 42. Nf4+ Ke5 43. Rxf7 Kxf4 44. Rxf6 Kxe4 45. Rxd6 Kf4 46. g3+
Ke4 47. Ke2 f4 48. gxf4 Kxf4 49. Kd3 Kg4 50. Kc4 Kxh4 51. Kb5 Kg3 52. Rd8 h4
53. Rxb8 h3 54. Kxa5 Kg2 55. Rh8 h2 56. b4 1-0

[Event "XXVII C.to Italiano a squadre A2"]
[Site "ITA"]
[Date "1995.??.??"]
[Round "?"]
[White "Tamai, Roberto"]
[Black "Conti, Valerio"]
[Result "1-0"]
[WhiteElo "2305"]
[BlackElo "2167"]
[PlyCount "81"]
[EventDate "1995.??.??"]

1. c4 g6 2. g3 Bg7 3. Bg2 c5 4. Nc3 Nc6 5. e3 d6 6. Nge2 Bg4 7. h3 Bxe2 8. Nxe2
Nf6 9. d4 cxd4 10. Nxd4 Qb6 11. O-O O-O 12. b3 Rfd8 13. Bb2 Rac8 14. Qe2 d5 15.
Nxc6 bxc6 16. Rac1 e6 17. Rc2 Ne8 18. Bxg7 Kxg7 19. Rfc1 d4 20. c5 Qc7 21. exd4
Rxd4 22. Bxc6 Nf6 23. Bg2 Rcd8 24. c6 h5 25. Rc4 Rd2 26. Qe3 Rxa2 27. Rd4 Rxd4
28. Qxd4 Ra5 29. b4 Rb5 30. Ra1 e5 31. Qc4 Rb8 32. Qc5 Rb6 33. b5 e4 34. Ra4 h4
35. g4 Rb8 36. g5 Nh5 37. Rxe4 a6 38. Re7 Qf4 39. c7 Rxb5 40. Qxb5 axb5 41.
c8=Q 1-0

[Event "XXVII C.to Italiano a squadre A2"]
[Site "ITA"]
[Date "1995.??.??"]
[Round "?"]
[White "Tamai, Roberto"]
[Black "De Eccher, Stefano"]
[Result "0-1"]
[WhiteElo "2305"]
[BlackElo "2280"]
[PlyCount "50"]
[EventDate "1995.??.??"]

1. c4 f5 2. g3 Nf6 3. Nc3 d6 4. d4 g6 5. Bg2 Bg7 6. Nf3 O-O 7. O-O Qe8 8. e4
fxe4 9. Ng5 Nc6 10. Ncxe4 Nxe4 11. Bxe4 h6 12. d5 Nd4 13. Ne6 Nxe6 14. dxe6
Bxe6 15. Bxb7 Bh3 16. Re1 Rb8 17. Be4 Qf7 18. Qd2 c5 19. Qf4 Bd4 20. Be3 Qxf4
21. Bxf4 Rxb2 22. Bd5+ e6 23. Bxe6+ Bxe6 24. Rxe6 Rxf2 25. Be3 Re2 0-1

[Event "XXVII C.to Italiano a squadre A2"]
[Site "ITA"]
[Date "1995.??.??"]
[Round "?"]
[White "Tamai, Roberto"]
[Black "Negrini, Claudio"]
[Result "0-1"]
[WhiteElo "2305"]
[BlackElo "2315"]
[PlyCount "45"]
[EventDate "1995.??.??"]

1. e4 e5 2. Bc4 c6 3. Nf3 d5 4. Bb3 Nf6 5. d3 Bd6 6. Nc3 dxe4 7. dxe4 O-O 8.
Bg5 Qe7 9. Qe2 Be6 10. Bxe6 Qxe6 11. Nh4 h6 12. Bd2 Qg4 13. Qxg4 Nxg4 14. f3
Nf6 15. Nf5 Bc7 16. g4 Nbd7 17. h4 Nc5 18. O-O-O Ne6 19. Bg5 Bd8 20. Be3 Bb6
21. Bxb6 axb6 22. g5 Nh5 23. Rd7 0-1

[Event "XXVII C.to Italiano a squadre A2"]
[Site "ITA"]
[Date "1995.??.??"]
[Round "?"]
[White "Tocco, Paolo"]
[Black "Pegorari, Pietro"]
[Result "0-1"]
[WhiteElo "2170"]
[BlackElo "2011"]
[PlyCount "68"]
[EventDate "1995.??.??"]

1. e4 e5 2. Nf3 d6 3. d4 exd4 4. Nxd4 Be7 5. Nc3 Nf6 6. Be2 Nbd7 7. O-O O-O 8.
Nf5 Nb6 9. Ng3 Re8 10. a4 a5 11. Be3 c6 12. Qd4 c5 13. Qd2 d5 14. exd5 Nbxd5
15. Bb5 Nxe3 16. Qxe3 Bd7 17. Rad1 Bf8 18. Qf3 Qc8 19. Bxd7 Nxd7 20. Nge4 Ne5
21. Qg3 Ra6 22. f4 Rg6 23. Qf2 Ng4 24. Qf3 f5 25. Ng5 h6 26. Qd5+ Kh8 27. Nf7+
Kh7 28. Rfe1 Ne3 29. Qd7 Qb8 30. Nd5 Re7 31. Nxe7 Rxg2+ 32. Kh1 Qxf4 33. Qxf5+
Nxf5 34. Kxg2 Bxe7 0-1

[Event "XXVII C.to Italiano a squadre A2"]
[Site "ITA"]
[Date "1995.??.??"]
[Round "?"]
[White "Tocco, Paolo"]
[Black "Silvetti, Antonio"]
[Result "0-1"]
[WhiteElo "2170"]
[BlackElo "1791"]
[PlyCount "30"]
[EventDate "1995.??.??"]

1. e4 c5 2. Nc3 Nc6 3. g3 g6 4. Bg2 Bg7 5. d3 e6 6. Be3 d6 7. Qd2 Nge7 8. Bh6
Bxh6 9. Qxh6 Nd4 10. O-O-O Qa5 11. Nh3 b5 12. Ng5 b4 13. Qg7 bxc3 14. Qxh8+ Kd7
15. Nxe6 fxe6 0-1

[Event "XXVII C.to Italiano a squadre A2"]
[Site "ITA"]
[Date "1995.??.??"]
[Round "?"]
[White "Tondo, Salvatore"]
[Black "De Gregorio, Massimiliano"]
[Result "0-1"]
[WhiteElo "2120"]
[BlackElo "2140"]
[PlyCount "60"]
[EventDate "1995.??.??"]

1. e4 c5 2. d4 cxd4 3. c3 d5 4. exd5 Qxd5 5. cxd4 Nc6 6. Nf3 e6 7. Nc3 Qd8 8.
a3 Nf6 9. Bd3 Be7 10. O-O O-O 11. Be3 Nd5 12. Nxd5 Qxd5 13. Rc1 Rd8 14. Qe2 Bf6
15. Rfd1 g6 16. Rc5 Qd6 17. b4 a5 18. Be4 axb4 19. Bxc6 bxc6 20. axb4 Ba6 21.
Qc2 Bb5 22. h4 Ba4 23. Qc1 Bxd1 24. Qxd1 e5 25. Qc1 exd4 26. Rxc6 Qe7 27. Rc7
Qe6 28. Bg5 d3 29. Bxf6 Qxf6 30. Kh2 d2 0-1

[Event "XXVII C.to Italiano a squadre A2"]
[Site "ITA"]
[Date "1995.??.??"]
[Round "?"]
[White "Tondo, Salvatore"]
[Black "Pegorari, Pietro"]
[Result "1/2-1/2"]
[WhiteElo "2120"]
[BlackElo "2011"]
[PlyCount "32"]
[EventDate "1995.??.??"]

1. e4 e5 2. Nf3 Nc6 3. Bb5 a6 4. Bxc6 dxc6 5. Nc3 Bd6 6. d3 Ne7 7. Be3 f6 8.
Nd2 Be6 9. Nc4 Ng6 10. Nxd6+ cxd6 11. Qd2 Qa5 12. O-O O-O 13. Ne2 Qxd2 14. Bxd2
d5 15. f4 exf4 16. exd5 Bxd5 1/2-1/2

[Event "XXVII C.to Italiano a squadre A2"]
[Site "ITA"]
[Date "1995.??.??"]
[Round "?"]
[White "Tonelli, Claudio"]
[Black "De Vita, Gianni"]
[Result "0-1"]
[WhiteElo "1743"]
[BlackElo "1880"]
[PlyCount "54"]
[EventDate "1995.??.??"]

1. d4 d5 2. Nf3 Nf6 3. Bg5 c5 4. e3 Qb6 5. Nbd2 Nc6 6. dxc5 Qxb2 7. Bd3 e6 8.
O-O Bxc5 9. Rb1 Qa3 10. Rb3 Qa4 11. Ne5 a6 12. Nxc6 Qxc6 13. Nf3 Bd6 14. Bxf6
gxf6 15. Qa1 e5 16. Rfb1 Bc7 17. Rc3 Qd6 18. Rd1 Bg4 19. Be4 d4 20. Rb3 Rd8 21.
exd4 f5 22. Bxb7 e4 23. d5 Rg8 24. Bc6+ Kf8 25. Re1 Bxf3 26. g3 f4 27. Qc3 fxg3
0-1

[Event "XXVII C.to Italiano a squadre A2"]
[Site "ITA"]
[Date "1995.??.??"]
[Round "?"]
[White "Tonelli, Claudio"]
[Black "Tondo, Salvatore"]
[Result "0-1"]
[WhiteElo "1743"]
[BlackElo "2120"]
[PlyCount "126"]
[EventDate "1995.??.??"]

1. d4 c5 2. Nf3 cxd4 3. Nxd4 Nc6 4. c3 Nf6 5. Bg5 e6 6. e4 Be7 7. Qc2 d6 8. Nd2
Bd7 9. N2f3 a6 10. Bd3 Rc8 11. Qe2 h6 12. Bh4 e5 13. Nc2 Be6 14. O-O O-O 15.
Ne3 Qc7 16. Bxf6 Bxf6 17. Nd5 Bxd5 18. exd5 Ne7 19. Qe4 g6 20. h4 Bg7 21. Bc2
f5 22. Qb4 Kh8 23. Rad1 b5 24. Bb3 Ng8 25. a4 a5 26. Qa3 Rb8 27. Qa1 Nf6 28.
Rc1 Qb6 29. Nd2 Nd7 30. axb5 Qxb5 31. Ba4 Qxd5 32. Bxd7 Qxd2 33. Rfd1 Qxb2 34.
Qxb2 Rxb2 35. Ra1 Rc2 36. Rxd6 Rxc3 37. Rxg6 Rc5 38. Ra4 e4 39. Ra6 Kh7 40. g3
Bc3 41. Ra2 Rd8 42. Rd6 Rb8 43. Rd1 Kg6 44. Kg2 Kf6 45. Rd6+ Ke7 46. Rd1 Rd8
47. Ba4 Rd3 48. Rc1 Kd6 49. Rac2 Bb4 50. Rxc5 Bxc5 51. Rc2 Ra3 52. Be8 Bd4 53.
h5 Ra1 54. Bf7 Ke5 55. Rc6 f4 56. gxf4+ Kxf4 57. Rc4 Ke5 58. Rc2 a4 59. Re2 Kf4
60. Bd5 e3 61. f3 a3 62. Bf7 Rd1 63. Ba2 Rd2 0-1

[Event "XXVII C.to Italiano a squadre A2"]
[Site "ITA"]
[Date "1995.??.??"]
[Round "?"]
[White "Tonon, Alessandro"]
[Black "Gasparello, Alessandro"]
[Result "1-0"]
[WhiteElo "2016"]
[BlackElo "1797"]
[PlyCount "61"]
[EventDate "1995.??.??"]

1. d4 Nf6 2. c4 c5 3. d5 b5 4. Nd2 g6 5. e4 d6 6. Ne2 Qa5 7. b4 Qxb4 8. Rb1 Qa4
9. Qxa4 bxa4 10. Nc3 a6 11. Nxa4 Nbd7 12. Bd3 Bg7 13. O-O O-O 14. Bb2 Nh5 15.
Bxg7 Nxg7 16. Rb2 Rb8 17. Rxb8 Nxb8 18. Nb3 g5 19. Na5 Bd7 20. Bc2 e6 21. Rb1
exd5 22. exd5 Bf5 23. Bxf5 Nxf5 24. Rb7 Re8 25. Kf1 Nd4 26. Nc3 Nc2 27. f3 f5
28. Nc6 Nxc6 29. dxc6 Nb4 30. Nd5 Kf8 31. c7 1-0

[Event "XXVII C.to Italiano a squadre A2"]
[Site "ITA"]
[Date "1995.??.??"]
[Round "?"]
[White "Tonon, Alessandro"]
[Black "Lagrotteria, Salvatore"]
[Result "1-0"]
[WhiteElo "2016"]
[BlackElo "2180"]
[PlyCount "103"]
[EventDate "1995.??.??"]

1. d4 d5 2. c4 e6 3. Nc3 Nf6 4. Bg5 Be7 5. e3 O-O 6. Nf3 c6 7. Qc2 Nbd7 8.
O-O-O a5 9. h4 a4 10. g4 Nxg4 11. Rg1 f5 12. Bxe7 Qxe7 13. Ng5 Ndf6 14. Re1
dxc4 15. f3 Nh6 16. e4 Qb4 17. a3 Qd6 18. Bxc4 b5 19. e5 Qxd4 20. Bxe6+ Kh8 21.
exf6 gxf6 22. Nf7+ Nxf7 23. Qg2 Ng5 24. hxg5 Bxe6 25. Rxe6 b4 26. g6 Rfd8 27.
Qh2 Qd7 28. Rd1 Qg7 29. axb4 Rxd1+ 30. Kxd1 Qxg6 31. Rxc6 Rd8+ 32. Kc1 Re8 33.
Rc7 Re1+ 34. Kd2 Re8 35. b5 f4 36. Ne4 f5 37. Rc6 Qf7 38. Nc3 Qb3 39. Qxf4
Qxb2+ 40. Kd3 a3 41. Rc7 Qf2 42. Qd4+ Qxd4+ 43. Kxd4 h5 44. b6 Rb8 45. b7 Rxb7
46. Rxb7 h4 47. Ra7 h3 48. Rxa3 Kg7 49. Ke5 Kg6 50. Ra2 Kg5 51. Rh2 Kh4 52. Kf4
1-0

[Event "XXVII C.to Italiano a squadre A2"]
[Site "ITA"]
[Date "1995.??.??"]
[Round "?"]
[White "Tonon, Alessandro"]
[Black "Pangrazzi, Marco"]
[Result "1-0"]
[WhiteElo "2016"]
[BlackElo "2250"]
[PlyCount "126"]
[EventDate "1995.??.??"]

1. d4 Nf6 2. c4 e5 3. dxe5 Ng4 4. Nf3 Bc5 5. e3 Nc6 6. Nc3 Ngxe5 7. a3 a5 8. b3
O-O 9. Bb2 Nxf3+ 10. Qxf3 Ne5 11. Qg3 Bd6 12. f4 Be7 13. h4 Ng6 14. O-O-O Bxh4
15. Qh2 h6 16. f5 Bg5 17. fxg6 fxg6 18. Bd3 Bxe3+ 19. Kb1 Bf4 20. g3 Be5 21.
Nd5 Bxb2 22. Qxb2 c6 23. Nf4 Qg5 24. Nxg6 Rf6 25. Nf4 d6 26. Qc2 Bg4 27. Rde1
Qc5 28. Qc1 Raf8 29. Ng6 Qd4 30. Qe3 Qc3 31. Bc2 Qxe3 32. Rxe3 Rd8 33. Rhe1 Bd7
34. Re7 d5 35. cxd5 cxd5 36. Kb2 Rc6 37. Bd3 Rb6 38. Bc2 Rc6 39. Bd3 Rb6 40.
R1e3 d4 41. Rxd7 Rxd7 42. Re8+ Kf7 43. Rf8+ Ke6 44. Bf5+ Kd6 45. Bxd7 Kxd7 46.
Ne5+ Ke7 47. Rf4 a4 48. b4 Re6 49. Nd3 Re2+ 50. Kb1 Rd2 51. Rxd4 Rd1+ 52. Kc2
Ra1 53. Kb2 Rg1 54. g4 b5 55. Rd5 Rxg4 56. Rxb5 Rg2+ 57. Kc3 Ra2 58. Rb7+ Kf6
59. b5 Rxa3+ 60. Kc4 Rb3 61. b6 Rb1 62. Nb4 Re1 63. Rd7 Re6 1-0

[Event "XXVII C.to Italiano a squadre A2"]
[Site "ITA"]
[Date "1995.??.??"]
[Round "?"]
[White "Valenti, Giuseppe"]
[Black "Hugony, Fabrizio"]
[Result "0-1"]
[WhiteElo "2260"]
[BlackElo "2270"]
[PlyCount "92"]
[EventDate "1995.??.??"]

1. e4 c5 2. d4 cxd4 3. c3 Nf6 4. e5 Nd5 5. Qxd4 e6 6. Nf3 Nc6 7. Qe4 d6 8. Bg5
Be7 9. Bxe7 Qxe7 10. Bd3 dxe5 11. Nxe5 Nxe5 12. Qxe5 O-O 13. O-O Bd7 14. Nd2
Bc6 15. Nf3 Qf6 16. Rfe1 Rfd8 17. Nd4 Qxe5 18. Rxe5 Nf4 19. Bf1 Bd5 20. g3 Ng6
21. Re3 e5 22. Nb3 f6 23. Rd1 Bxb3 24. Rxd8+ Rxd8 25. axb3 Rd2 26. Rd3 Rxd3 27.
Bxd3 Kf7 28. Be4 b6 29. Bd5+ Ke7 30. Kf1 f5 31. Ke2 Kd6 32. Bg8 h6 33. Bf7 Ne7
34. Kd3 g5 35. b4 Nc6 36. Kc4 e4 37. Bh5 Ne5+ 38. Kd4 g4 39. c4 Nd3 40. Bg6 Ke6
41. c5 Nxb4 42. cxb6 axb6 43. Ke3 Ke5 44. Be8 Nd3 45. b3 Ne1 46. Bb5 Nf3 0-1

[Event "XXVII C.to Italiano a squadre A2"]
[Site "ITA"]
[Date "1995.??.??"]
[Round "?"]
[White "Vancini, Edoardo"]
[Black "De Poi, Paolo"]
[Result "1-0"]
[WhiteElo "2300"]
[BlackElo "2089"]
[PlyCount "61"]
[EventDate "1995.??.??"]

1. Nc3 d5 2. e4 d4 3. Nce2 e5 4. Ng3 Be6 5. Bb5+ c6 6. Ba4 Nd7 7. Bb3 Bxb3 8.
axb3 g6 9. Nf3 Bg7 10. d3 Ne7 11. O-O O-O 12. Ng5 a5 13. f4 exf4 14. Bxf4 Ra6
15. Qg4 h6 16. Nf3 Nf6 17. Qh3 g5 18. Nxg5 hxg5 19. Bxg5 Nh7 20. Bxe7 Qxe7 21.
Nf5 Qe5 22. Qh4 Kh8 23. Rf3 Qf6 24. Qh3 c5 25. Rf4 Bh6 26. Rh4 Be3+ 27. Nxe3
dxe3 28. Rxh7+ Kg8 29. Rf1 Qxb2 30. Rh5 Rg6 31. e5 1-0

[Event "XXVII C.to Italiano a squadre A2"]
[Site "ITA"]
[Date "1995.??.??"]
[Round "?"]
[White "Vancini, Edoardo"]
[Black "Santolini, Luigi"]
[Result "1/2-1/2"]
[WhiteElo "2300"]
[BlackElo "2240"]
[PlyCount "90"]
[EventDate "1995.??.??"]

1. e4 c6 2. c4 d5 3. cxd5 cxd5 4. exd5 Qxd5 5. Nc3 Qd6 6. Nf3 g6 7. Bc4 Bg7 8.
d4 Nf6 9. Qb3 O-O 10. O-O Nc6 11. Nb5 Qd8 12. Ne5 e6 13. Be3 Na5 14. Qb4 Nxc4
15. Qxc4 Nd5 16. Rac1 f6 17. Nd3 Rf7 18. Nf4 a6 19. Nc3 b5 20. Qb3 Nxf4 21.
Bxf4 Qxd4 22. Be3 Qe5 23. Rfe1 Qf5 24. Ne2 Bb7 25. Rc5 Bd5 26. Qc3 Qe4 27. f3
Qa4 28. Qd2 Bf8 29. Rc2 Rd8 30. Nc3 Qb4 31. a3 Qd6 32. Qf2 Bb3 33. Ne4 Qd7 34.
Rc3 Bd5 35. Rd1 Qb7 36. Qh4 Be7 37. Nc5 Bxc5 38. Rxc5 Qe7 39. Qd4 Qf8 40. Qf4
Rfd7 41. Rdc1 Bc4 42. h3 g5 43. Qg3 Qg7 44. Rc6 Ra8 45. Kh2 Rd3 1/2-1/2

[Event "XXVII C.to Italiano a squadre A2"]
[Site "ITA"]
[Date "1995.??.??"]
[Round "?"]
[White "Wagman, Stuart"]
[Black "Caposciutti, Maurizio"]
[Result "0-1"]
[WhiteElo "2215"]
[BlackElo "2325"]
[PlyCount "68"]
[EventDate "1995.??.??"]

1. e4 c5 2. Nf3 Nc6 3. d4 cxd4 4. Nxd4 e5 5. Nb5 d6 6. c4 Be7 7. N1c3 a6 8. Na3
Be6 9. Nc2 Bg5 10. Be2 Bxc1 11. Rxc1 Nf6 12. O-O O-O 13. Qd2 Qb6 14. b4 Ne7 15.
Qe3 Qxe3 16. Nxe3 Nc6 17. a3 Nd4 18. f3 Rfc8 19. Kf2 Kf8 20. Rfd1 Ke7 21. Bf1
Rc7 22. h4 h6 23. a4 a5 24. b5 g5 25. hxg5 hxg5 26. Rb1 Rcc8 27. Rb2 Rg8 28.
Ncd5+ Bxd5 29. cxd5 g4 30. Rc1 g3+ 31. Ke1 Rgc8 32. Rbb1 Nd7 33. b6 Nc5 34. Bb5
Nxb5 0-1

[Event "XXVII C.to Italiano a squadre A2"]
[Site "ITA"]
[Date "1995.??.??"]
[Round "?"]
[White "Zurla, Mirko"]
[Black "Millin, Paolo"]
[Result "1-0"]
[WhiteElo "2220"]
[BlackElo "1904"]
[PlyCount "111"]
[EventDate "1995.??.??"]

1. e4 d5 2. exd5 Nf6 3. Bb5+ Nbd7 4. c4 g6 5. Nc3 Bg7 6. Nge2 O-O 7. d3 Nb6 8.
Be3 a6 9. Ba4 Nxa4 10. Qxa4 Bf5 11. Rd1 b5 12. Qa5 Ng4 13. Bf4 Ne5 14. Bxe5
Bxe5 15. d4 Bg7 16. c5 e5 17. dxe6 Bxe6 18. O-O Re8 19. d5 Bg4 20. f3 Bf5 21.
Ng3 Qe7 22. d6 Qe3+ 23. Kh1 cxd6 24. Nxf5 gxf5 25. cxd6 Qe6 26. Nd5 Be5 27. Nc7
Qh6 28. f4 Bxd6 29. Nxa8 Bxf4 30. Rxf4 Qxf4 31. Nc7 Rc8 32. Nd5 Qe5 33. Qd2 Re8
34. Qg5+ Kh8 35. h3 Qg7 36. Qxf5 Rg8 37. Qf6 Qxf6 38. Nxf6 Rf8 39. Nh5 h6 40.
Rd3 a5 41. Rd5 Rb8 42. Ng3 a4 43. Nf5 b4 44. Nxh6 Kg7 45. Ng4 b3 46. axb3 Rxb3
47. Rd2 f5 48. Ne5 Kf6 49. Nd3 Kg5 50. Kh2 a3 51. bxa3 Rxa3 52. Ne1 Re3 53.
Nf3+ Kf4 54. Rd4+ Re4 55. Rxe4+ fxe4 56. Ng1 1-0